000 01436nam a2200313 i 4500
001 184671
003 ES-MaACL
005 20251007170423.0
008 151106s2015 sp f |||| |bspa d
020 _a978-84-340-2205-8
080 _a929 Khevenhüller, Hans
100 1 _aAlvar Ezquerra, Alfredo,
_d1960-
_920585
245 1 3 _aEl embajador imperial Hans Khevenhüller (1538-1606) en España /
_cAlfredo Alvar Ezquerra ; con traducciones de Ingrid Cáceres Würsig y Mónica Sainz Meister.
250 _a1ª ed.
260 _aMadrid :
_bBoletín Oficial del Estado :
_bMinisterio de Asuntos Exteriores y de Cooperación,
_c2015.
300 _a750 p., [24] p. de lám. col. ;
_c25 cm.
490 1 _aColección de derecho histórico
500 _aApéndice documental.
504 _aReferencias bibliográficas.
505 8 _aContiene: ;
_tBreve extracto / Hans Khevenhüller (p. 221-627) - Traducción del epistolario de Hans Khevenhüller con el Emperador Rodolfo II en 1598 (p. 673-734)
600 1 7 _aKhevenhüller, Hans,
_d1538-1606
_2
_9158105
700 1 _aKhevenhüller, Hans,
_d1538-1606
_9158105
710 1 _aEspaña.
_bMinisterio de Asuntos Exteriores y de Cooperación.
_93847
740 0 2 _aBreve extracto.
830 0 _aColección de derecho histórico
_9225113
852 _aES-MaACL
_jA-13620
_9191681
_bR.150938
_cDEPO1
_dOlim: N-6620
_x enc. cart.
942 _2udc
999 _c184671
_d184671